| 000 | 00000nam 2200000za 4500 |
| 001 | 9.811395 |
| 003 | CaOODSP |
| 005 | 20221107141100 |
| 007 | cr ||||||||||| |
| 008 | 160218s1992 oncab||fo f001 0 eng d |
| 020 | |z0-660-13830-1 |
| 040 | |aCaOODSP|beng |
| 043 | |an-cn---|an-us-ak|an-gl--- |
| 086 | 1 |aA42-42/1992-18E-PDF|zA42-42/1991-18E |
| 100 | 1 |aVockeroth, J. R. |
| 245 | 14|aThe flower flies of the subfamily Syrphinae of Canada, Alaska and Greenland |h[electronic resource] : |bDiptera: Syrphidae / |cJ.R. Vockeroth. |
| 260 | |aOttawa : |bResearch Branch, Agriculture Canada, |c1992. |
| 300 | |a456 p. : |bill., maps. |
| 490 | 1 |aThe insects and arachnids of Canada ; |vpart 18 |
| 504 | |aIncludes bibliographic references and index. |
| 510 | 0 |aCanadian cataloguing in publication data printed in this publication. |
| 546 | |aIncludes some text in French. |
| 692 | 07|2gccst|aInsects |
| 710 | 1 |aCanada.|bAgriculture Canada.|bResearch Branch. |
| 776 | 0#|tThe flower flies of the subfamily Syrphinae of Canada, Alaska and Greenland (Diptera: Syrphidae) / |w(CaOODSP)9.608409 |
| 830 | #0|aThe insects and arachnids of Canada ;|vpt. 18|w(CaOODSP)9.811273 |
| 856 | 40|qPDF|s23.21 MB |uhttps://publications.gc.ca/collections/collection_2016/aac-aafc/agrhist/A42-42-1992-18-eng.pdf |
| 986 | |aPublication 1867 |